=LDR 00000nam 2200000 4500 =001 INLIS000000000003632 =005 20130612091933 =008 ***********************************Ind** =035 ##$$0010-061300000003632 =041 ##$$a Ind =082 ##$$a 615.89 =090 ##$$a 615.89, Pri a =100 ##$$a Price, Shirley =245 ##$$a Aromaterapi praktis, Shirley Price; alih bahasa, Arif Cegah Wilopo S.S =260 ##$$a 1995 $b Jakarta =300 ##$$a xii, 198 hlm., ilus., 21 cm =650 ##$$a Aromaterapi =700 ##$$a Wilopo S.S, Arif Cegah =850 ##$$a NBPNMAT